Ariana's mistake

Bibliographic Details
Main Author: Naima Gany Shaik Dawood
Corporate Author: Title
Format: Book
Published: Selangor : Penerbit Prisma , 2005
Series:A day in a life
Subjects:

MARC

LEADER 00000cam a2200000 7i4500
001 0000001632
005 20151222.0
008 070706
020 |a 9838772682(set) 
020 |a 9838772704 
090 0 0 |a JF   |b ENG 
100 1 |a Naima Gany Shaik Dawood 
245 1 0 |a Ariana's mistake   |c Naima Gany Shaik Dawood 
260 |a Selangor :   |b Penerbit Prisma ,   |c 2005 
440 |a A day in a life 
500 |a Children ages 10-12 years old (pink) 
650 0 |a Junior fiction   |x English   |x Languages 
710 0 |a Title 
999 |a 0000903795   |b Book   |c Teenagers   |e Cawangan Bandar Tenggara 
999 |a 0000903796   |b Book   |c Teenagers   |e Cawangan Bandar Tenggara 
999 |a 0000903797   |b Book   |c Teenagers   |e Cawangan Bandar Tenggara 
999 |a 0000903798   |b Book   |c Teenagers   |e Cawangan Bandar Tenggara 
999 |a 0000965093   |b Book   |c Children Collection   |e Perbadanan Perpustakaan Awam Johor 
999 |a 0000965095   |b Book   |c Children Collection   |e Perbadanan Perpustakaan Awam Johor